Southville International School and Colleges
Your cart is empty.
  • Cart
  • Lists
    Public lists Eva Luna New books Lux_list list_1
    Your lists Log in to create your own lists
  • Log in to your account
  • Your cookies
  • Search history
Southville International School and Colleges
  • Advanced search
  • Recent comments
  • Most popular
  • Libraries

Log in to your account

Log in with GOOGLE


If you do not have an external account, but do have a local account, you can still log in:

  1. Home
  2. MARC view: Kidnapped /
Normal view MARC view ISBD view

Kidnapped / (Record no. 114418)

[ view plain ]
MARC details
000 -LEADER
fixed length control field 00420nam a2200169 a 4500
003 - CONTROL NUMBER IDENTIFIER
control field MO
005 - DATE AND TIME OF LATEST TRANSACTION
control field 20170315114236.0
008 - FIXED-LENGTH DATA ELEMENTS--GENERAL INFORMATION
fixed length control field 100625s19uu xx 00 eng d
020 ## - INTERNATIONAL STANDARD BOOK NUMBER
International Standard Book Number 0-14-036690-3
050 ## - LIBRARY OF CONGRESS CALL NUMBER
Classification number TR
Item number St4 1883
100 ## - MAIN ENTRY--PERSONAL NAME
Personal name Stevenson, Robert Louis
245 ## - TITLE STATEMENT
Title Kidnapped /
Statement of responsibility, etc Robert Louis Stevenson.
260 ## - PUBLICATION, DISTRIBUTION, ETC. (IMPRINT)
Place of publication, distribution, etc London :
Name of publisher, distributor, etc Penguin Books,
Date of publication, distribution, etc 1883.
300 ## - PHYSICAL DESCRIPTION
Extent 322
942 ## - ADDED ENTRY ELEMENTS (KOHA)
Source of classification or shelving scheme Dewey Decimal Classification
Koha item type Books
Holdings
Withdrawn status Lost status Source of classification or shelving scheme Damaged status Home library Current library Shelving location Date acquired Source of acquisition Total Checkouts Full call number Barcode Date last seen Price effective from Koha item type
    Dewey Decimal Classification   Munich Library Munich Library Teachers Reference Section 06/25/2010 Library Fund   TR St4 1883 M6236 04/14/2014 04/14/2014 Books

Kidnapped /

APA

Stevenson R. L., . (1883). Kidnapped. London: Penguin Books.

Chicago

Stevenson Robert Louis, . 1883. Kidnapped. London: Penguin Books.

Harvard

Stevenson R. L., . (1883). Kidnapped. London: Penguin Books.

MLA

Stevenson Robert Louis, . Kidnapped. London: Penguin Books. 1883.

  • Place hold
  • Print
  • Cite
  • Add to your cart (remove)
  • Save record
    BIBTEX Dublin Core MARCXML MARC (non-Unicode/MARC-8) MARC (Unicode/UTF-8) MARC (Unicode/UTF-8, Standard) MODS (XML) RIS
  • More searches
    Search for this title in:
    Other Libraries (WorldCat) Other Databases (Google Scholar) Online Stores (Bookfinder.com) Open Library (openlibrary.org)

Exporting to Dublin Core...

SOUTHVILLE LIBRARY

Southville International School and Colleges Library

1281 Tropical Ave. Cor. Luxembourg St., BF Homes International, Las Pinas City

Tel. No. 8256374 / 252358 Loc. 117/146

Powered by Koha